书目信息 |
| 题名: |
装修构造与施工图设计
|
|
| 作者: | 李朝阳 编著 | |
| 分册: | ||
| 出版信息: | 北京 中国建筑工业出版社 2005 |
|
| 页数: | 112页 | |
| 开本: | 29cm | |
| 丛书名: | 高等学校环境艺术设计专业教学丛书暨高级培训教材 | |
| 单 册: | ||
| 中图分类: | TU767 | |
| 科图分类: | ||
| 主题词: | 工程装修--gong cheng zhuang xiu--建筑制图--高等学校--教材 , 工程装修--gong cheng zhuang xiu--结构设计--高等学校--教材 | |
| 电子资源: | ||
| ISBN: | 7-112-07573-4 | |
| 000 | 01136nam 2200253 450 | |
| 001 | CAL 012005128190 | |
| 005 | 20061123100714.21 | |
| 010 | @a7-112-07573-4@dCNY 36.00 | |
| 099 | @aCAL 012005128190 | |
| 100 | @a20051111d2005 em y0chiy0121 ea | |
| 101 | 0 | @achi |
| 102 | @aCN@b110000 | |
| 200 | 1 | @a装修构造与施工图设计@Azhuang xiu gou zao yu shi gong tu she ji@f李朝阳编著 |
| 210 | @a北京@c中国建筑工业出版社@d2005 | |
| 215 | @a112页@c图 (部分彩图)@d29cm | |
| 225 | 2 | @a高等学校环境艺术设计专业教学丛书暨高级培训教材@Agao deng xue xiao huan jing yi shu she ji zhuan ye jiao xue cong shu ji gao ji pei xun jiao cai |
| 330 | @a本书重点阐述装修构造设计在设计中的重要作用和意义,介绍构造设计的基本原理和方法。系统阐述了材料与装修、设备与装修、施工图预算、施工图审核、图纸会审、设计变更等相关内容。 | |
| 410 | 0 | @12001 @a高等学校环境艺术设计专业教学丛书暨高级培训教材 |
| 606 | 0 | @a工程装修@Agong cheng zhuang xiu@x建筑制图@x高等学校@j教材 |
| 606 | 0 | @a工程装修@Agong cheng zhuang xiu@x结构设计@x高等学校@j教材 |
| 690 | @aTU767@v4 | |
| 701 | 0 | @a李朝阳@Ali chao yang@4编著 |
| 801 | @aCN@c20061123 | |
| 905 | @apdsgxy@dTU767@eL138 | |
| 装修构造与施工图设计/李朝阳编著.-北京:中国建筑工业出版社,2005 |
| 112页:图 (部分彩图);29cm.-(高等学校环境艺术设计专业教学丛书暨高级培训教材) |
| ISBN 7-112-07573-4:CNY 36.00 |
| 本书重点阐述装修构造设计在设计中的重要作用和意义,介绍构造设计的基本原理和方法。系统阐述了材料与装修、设备与装修、施工图预算、施工图审核、图纸会审、设计变更等相关内容。 |
| ● |
| 相关链接 |
|
|
|
正题名:装修构造与施工图设计
索取号:TU767/L138
 
预约/预借
| 序号 | 登录号 | 条形码 | 馆藏地/架位号 | 状态 | 备注 |
| 1 | 615326 | 206153268 | 建筑库201/201建筑库 75排2列1层/ [索取号:TU767/L138] | 在馆 | |
| 2 | 615327 | 206153277 | 建筑库201/201建筑库 75排2列1层/ [索取号:TU767/L138] | 在馆 | |
| 3 | 615328 | 206153286 | 建筑库201/201建筑库 75排2列1层/ [索取号:TU767/L138] | 在馆 |